[Event "17. European Team Championship 2009"]
[Site "Novi Sad SRB"]
[Date "2009.10.29"]
[Round "8.122"]
[White "Delchev, Aleksander"]
[Black "Malisauskas, Vidmantas"]
[Result "1-0"]
[WhiteElo "2635"]
[BlackElo "2483"]
[PlyCount "91"]
[EventDate "2009.10.22"]
[EventType "team"]
[EventRounds "9"]
[EventCountry "SER"]
[Source "lmi"]
[SourceDate "2009.10.22"]

1. e4 c6 2. d4 d5 3. e5 Bf5 4. Nf3 e6 5. Be2 Nd7 6. O-O Bg6 7. Nbd2 Ne7 8. Nh4
c5 9. c3 Nc6 10. Nxg6 hxg6 11. Nf3 Qb6 12. Rb1 cxd4 13. cxd4 a5 14. Be3 Be7 15.
a3 a4 16. g3 O-O 17. Bd3 Rfc8 18. h4 Qb3 19. Qe2 Na5 20. h5 gxh5 21. Nd2 Qb6
22. Qxh5 Nf8 23. Kg2 Nc4 24. Rh1 f5 25. exf6 Bxf6 26. Nf3 Qb3 27. Bxc4 Qxc4 28.
Bg5 Qc2 29. Bxf6 gxf6 30. Rh4 Rc7 31. Qh8+ Kf7 32. Rbh1 Ke8 33. Rf4 f5 34. Rh6
Ke7 35. Ng5 Re8 36. Rf6 Rcc8 37. Qg7+ Kd6 38. Qxb7 Nd7 39. Qb4+ Kc6 40. Rxe6+
Rxe6 41. Nxe6 Rb8 42. Qa5 Kd6 43. Ng7 Rxb2 44. Nxf5+ Kc6 45. Ne7+ Kd6 46. Qxd5+
1-0

[Event "17. European Team Championship 2009"]
[Site "Novi Sad SRB"]
[Date "2009.10.29"]
[Round "8.123"]
[White "Cmilyte, Viktorija"]
[Black "Iotov, Valentin"]
[Result "1-0"]
[WhiteElo "2477"]
[BlackElo "2578"]
[PlyCount "90"]
[EventDate "2009.10.22"]
[EventType "team"]
[EventRounds "9"]
[EventCountry "SER"]
[Source "lmi"]
[SourceDate "2009.10.22"]

1. d4 Nf6 2. c4 e6 3. Nf3 d5 4. Nc3 Bb4 5. cxd5 exd5 6. Bg5 Nbd7 7. e3 c5 8.
Be2 Qa5 9. O-O Bxc3 10. bxc3 c4 11. Nd2 O-O 12. Qc2 Re8 13. Bf3 Ne4 14. Bxe4
dxe4 15. Bf4 Qd5 16. Rfb1 Nf6 17. Rb4 b5 18. a4 Bd7 19. axb5 Bxb5 20. Ra5 a6
21. Nxc4 Qd8 22. Qa2 Nd5 23. Nd6 Rf8 24. Qxd5 Qxa5 25. h3 Rad8 26. Qc5 Qa3 27.
Be5 h6 28. Nf5 f6 29. Bd6 Rf7 30. Qd5 Qc1+ 31. Kh2 Qxc3 32. Ne7+ Kf8 33. Ng6+
Kg8 34. Ne7+ Kf8 35. Nc6+ Rxd6 36. Qxd6+ Kg8 37. Ne7+ Kh7 38. Qd8 Be8 39. Rb7
Rf8 40. Qd6 Qc4 41. Rc7 Qb5 42. Qe6 a5 43. d5 Qb8 44. d6 Rf7 45. Qxe4+ f5 1-0

[Event "17. European Team Championship 2009"]
[Site "Novi Sad SRB"]
[Date "2009.10.29"]
[Round "8.124"]
[White "Bojkov, Dejan"]
[Black "Sarakauskas, Gediminas"]
[Result "1/2-1/2"]
[WhiteElo "2528"]
[BlackElo "2424"]
[PlyCount "21"]
[EventDate "2009.10.22"]
[EventType "team"]
[EventRounds "9"]
[EventCountry "SER"]
[Source "lmi"]
[SourceDate "2009.10.22"]

1. e4 e5 2. Nf3 Nc6 3. Bc4 Nf6 4. d3 Bc5 5. O-O d6 6. c3 a6 7. Bb3 Ba7 8. Nbd2
O-O 9. Nc4 b5 10. Ne3 Ne7 11. Re1 1/2-1/2

[Event "17. European Team Championship 2009"]
[Site "Novi Sad SRB"]
[Date "2009.10.29"]
[Round "8.131"]
[White "Dizdarevic, Emir"]
[Black "Stevic, Hrvoje"]
[Result "1/2-1/2"]
[WhiteElo "2483"]
[BlackElo "2624"]
[PlyCount "60"]
[EventDate "2009.10.22"]
[EventType "team"]
[EventRounds "9"]
[EventCountry "SER"]
[Source "lmi"]
[SourceDate "2009.10.22"]

1. Nf3 c5 2. g3 Nc6 3. Bg2 g6 4. c3 Bg7 5. d4 cxd4 6. cxd4 d5 7. O-O e6 8. Nc3
Nge7 9. Bf4 O-O 10. Rc1 Qb6 11. Na4 Qa6 12. a3 b6 13. e3 Bd7 14. Nc3 Rfc8 15.
Re1 Na5 16. Ne5 Be8 17. e4 dxe4 18. Bxe4 Nac6 19. Bg5 Rab8 20. Nxc6 Nxc6 21. d5
Nd4 22. dxe6 Nxe6 23. Be7 Bc6 24. Nd5 Ba8 25. Bd6 Rxc1 26. Qxc1 Rd8 27. Nc7
Nxc7 28. Bxc7 Re8 29. Bxa8 Rxe1+ 30. Qxe1 Qc8 1/2-1/2

[Event "17. European Team Championship 2009"]
[Site "Novi Sad SRB"]
[Date "2009.10.29"]
[Round "8.134"]
[White "Jankovic, Alojzije"]
[Black "Galic, Ivan"]
[Result "0-1"]
[WhiteElo "2548"]
[BlackElo "2378"]
[PlyCount "87"]
[EventDate "2009.10.22"]
[EventType "team"]
[EventRounds "9"]
[EventCountry "SER"]
[Source "lmi"]
[SourceDate "2009.10.22"]

1. d4 d5 2. c4 c6 3. Nc3 Nf6 4. e3 Bf5 5. cxd5 cxd5 6. Qb3 Bc8 7. Bd3 Nc6 8. f4
g6 9. Nf3 Bg7 10. Ne5 Qb6 11. Qc2 O-O 12. a3 e6 13. Bd2 Bd7 14. Na4 Qc7 15. Nc5
Rfc8 16. Rc1 Be8 17. b4 b6 18. Nb3 Qb7 19. Qd1 Ne7 20. Qe2 Rxc1+ 21. Nxc1 Ne4
22. O-O a6 23. Be1 Nd6 24. g4 Bb5 25. Bh4 f6 26. Nf3 Rc8 27. a4 Bxd3 28. Nxd3
Ne4 29. Ra1 Rc4 30. Be1 Qc8 31. h3 Rc2 32. Qd1 Qc4 33. b5 a5 34. Rc1 Rxc1 35.
Nxc1 Nc8 36. Nd2 Nxd2 37. Bxd2 Bf8 38. Qb3 Bb4 39. Qxc4 dxc4 40. Bxb4 axb4 41.
Na2 b3 42. Nc3 Nd6 43. Kf2 h5 44. f5 0-1

[Event "17. European Team Championship 2009"]
[Site "Novi Sad SRB"]
[Date "2009.10.29"]
[Round "8.142"]
[White "Sedlak, Nikola"]
[Black "Mitkov, Nikola"]
[Result "1/2-1/2"]
[WhiteElo "2571"]
[BlackElo "2525"]
[PlyCount "28"]
[EventDate "2009.10.22"]
[EventType "team"]
[EventRounds "9"]
[EventCountry "SER"]
[Source "lmi"]
[SourceDate "2009.10.22"]

1. d4 d5 2. Nf3 Nf6 3. c4 e6 4. e3 a6 5. Nbd2 c5 6. dxc5 Bxc5 7. a3 dxc4 8.
Bxc4 b5 9. Be2 Bb7 10. b4 Be7 11. Bb2 O-O 12. O-O Nbd7 13. Nd4 Qb6 14. Bf3 Rac8
1/2-1/2

[Event "17. European Team Championship 2009"]
[Site "Novi Sad SRB"]
[Date "2009.10.29"]
[Round "8.143"]
[White "Nedev, Trajko"]
[Black "Brenjo, Slavisa"]
[Result "1/2-1/2"]
[WhiteElo "2511"]
[BlackElo "2495"]
[PlyCount "60"]
[EventDate "2009.10.22"]
[EventType "team"]
[EventRounds "9"]
[EventCountry "SER"]
[Source "lmi"]
[SourceDate "2009.10.22"]

1. e4 e5 2. Nf3 Nc6 3. d4 exd4 4. Nxd4 Nf6 5. Nxc6 bxc6 6. e5 Nd5 7. c4 Ne7 8.
Bd3 Ng6 9. O-O d6 10. exd6 Bxd6 11. Re1+ Be6 12. Nc3 O-O 13. Qc2 Qh4 14. g3 Qh5
15. Be2 Bg4 16. Bxg4 Qxg4 17. Qe4 Qd7 18. Qg2 Rfe8 19. Rxe8+ Rxe8 20. Be3 Ne5
21. c5 Bf8 22. Rd1 Qg4 23. Bf4 Nd3 24. Qxc6 Re6 25. Qxc7 Qf3 26. Be3 Rxe3 27.
fxe3 Qf2+ 28. Kh1 Qf3+ 29. Kg1 Qf2+ 30. Kh1 Qf3+ 1/2-1/2

[Event "17. European Team Championship 2009"]
[Site "Novi Sad SRB"]
[Date "2009.10.29"]
[Round "8.151"]
[White "Blagojevic, Dragisa"]
[Black "Nyback, Tomi"]
[Result "1/2-1/2"]
[WhiteElo "2546"]
[BlackElo "2615"]
[PlyCount "27"]
[EventDate "2009.10.22"]
[EventType "team"]
[EventRounds "9"]
[EventCountry "SER"]
[Source "lmi"]
[SourceDate "2009.10.22"]

1. d4 d5 2. c4 e6 3. Nf3 c6 4. Qc2 Nf6 5. g3 dxc4 6. Qxc4 b5 7. Qd3 Bb7 8. Bg2
Nbd7 9. O-O a6 10. Be3 c5 11. dxc5 Bxc5 12. Bxc5 Nxc5 13. Qxd8+ Rxd8 14. Rc1
1/2-1/2

[Event "17. European Team Championship 2009"]
[Site "Novi Sad SRB"]
[Date "2009.10.29"]
[Round "8.153"]
[White "Drasko, Milan"]
[Black "Agopov, Mikael"]
[Result "1/2-1/2"]
[WhiteElo "2527"]
[BlackElo "2452"]
[PlyCount "29"]
[EventDate "2009.10.22"]
[EventType "team"]
[EventRounds "9"]
[EventCountry "SER"]
[Source "lmi"]
[SourceDate "2009.10.22"]

1. Nf3 Nf6 2. g3 c5 3. Bg2 d5 4. O-O Nc6 5. c4 d4 6. d3 e5 7. e3 Be7 8. exd4
exd4 9. Bf4 O-O 10. Ne5 Nxe5 11. Bxe5 Ng4 12. Re1 Nxe5 13. Rxe5 Bf6 14. Re1 Bg5
15. f4 1/2-1/2

[Event "17. European Team Championship 2009"]
[Site "Novi Sad SRB"]
[Date "2009.10.29"]
[Round "8.154"]
[White "Luukkonen, Tommi"]
[Black "Kosic, Dragan"]
[Result "1-0"]
[WhiteElo "2317"]
[BlackElo "2495"]
[PlyCount "81"]
[EventDate "2009.10.22"]
[EventType "team"]
[EventRounds "9"]
[EventCountry "SER"]
[Source "lmi"]
[SourceDate "2009.10.22"]

1. e4 e6 2. d4 d5 3. Nc3 Nf6 4. Bg5 dxe4 5. Nxe4 Nbd7 6. Nf3 h6 7. Nxf6+ Nxf6
8. Be3 Nd5 9. Bd3 Bd6 10. O-O Bd7 11. Bd2 c5 12. c4 Nf6 13. dxc5 Bxc5 14. Qe2
Bc6 15. b4 Bxf3 16. Qxf3 Bd4 17. Rad1 Qe7 18. Bc2 Rd8 19. Ba4+ Kf8 20. c5 g5
21. Be3 g4 22. Qf4 e5 23. Qf5 Kg7 24. Bxd4 Rxd4 25. Rde1 Rxb4 26. Rxe5 Qd8 27.
Bb3 Re8 28. Rfe1 Rxe5 29. Qxe5 a5 30. h3 gxh3 31. Rd1 Qe8 32. Qxe8 Nxe8 33. Rd7
Nf6 34. Rc7 hxg2 35. Bxf7 Ne4 36. Kxg2 Kf6 37. Bd5 Ke5 38. Bxb7 Kd4 39. c6 Nd6
40. Rd7 Ke5 41. c7 1-0

[Event "17. European Team Championship 2009"]
[Site "Novi Sad SRB"]
[Date "2009.10.29"]
[Round "8.171"]
[White "Gunnarsson, Jon Viktor"]
[Black "Jones, Richard S"]
[Result "0-1"]
[WhiteElo "2462"]
[BlackElo "2321"]
[PlyCount "50"]
[EventDate "2009.10.22"]
[EventType "team"]
[EventRounds "9"]
[EventCountry "SER"]
[Source "lmi"]
[SourceDate "2009.10.22"]

1. d4 Nf6 2. c4 g6 3. Nc3 Bg7 4. Nf3 d6 5. Bf4 O-O 6. e3 Nfd7 7. Be2 e5 8. Bg3
Nc6 9. O-O h6 10. Rb1 f5 11. h3 g5 12. b4 exd4 13. exd4 f4 14. Bh2 Nf6 15. Re1
Ne7 16. Bd3 Nf5 17. Qc2 Ne8 18. Rbd1 h5 19. Be4 g4 20. Bxf4 gxf3 21. Bxf3 Qh4
22. Ne2 Nf6 23. Qd2 Nh7 24. Bh2 c6 25. b5 Ng5 0-1

[Event "17. European Team Championship 2009"]
[Site "Novi Sad SRB"]
[Date "2009.10.29"]
[Round "8.173"]
[White "Thorfinnsson, Bjorn"]
[Black "Dineley, Richard"]
[Result "1/2-1/2"]
[WhiteElo "2395"]
[BlackElo "2270"]
[PlyCount "40"]
[EventDate "2009.10.22"]
[EventType "team"]
[EventRounds "9"]
[EventCountry "SER"]
[Source "lmi"]
[SourceDate "2009.10.22"]

1. d4 Nf6 2. c4 g6 3. Nc3 d5 4. Bg5 Bg7 5. e3 c5 6. Nf3 Nc6 7. Bxf6 Bxf6 8.
cxd5 cxd4 9. exd4 Nb8 10. Bc4 O-O 11. h4 Bg4 12. h5 Qb6 13. hxg6 hxg6 14. Qd2
Bxf3 15. gxf3 Qxd4 16. Qh6 Rc8 17. Bb3 Rxc3 18. bxc3 Qxc3+ 19. Ke2 Qb2+ 20. Qd2
Qe5+ 1/2-1/2

[Event "17. European Team Championship 2009"]
[Site "Novi Sad SRB"]
[Date "2009.10.29"]
[Round "8.174"]
[White "Bennett, Alan"]
[Black "Thorfinnsson, Bragi"]
[Result "1/2-1/2"]
[WhiteElo "2108"]
[BlackElo "2360"]
[PlyCount "68"]
[EventDate "2009.10.22"]
[EventType "team"]
[EventRounds "9"]
[EventCountry "SER"]
[Source "lmi"]
[SourceDate "2009.10.22"]

1. e4 c5 2. Nf3 g6 3. d4 cxd4 4. Qxd4 Nf6 5. e5 Nc6 6. Qa4 Nd5 7. Qe4 Nc7 8.
Nc3 Bg7 9. Bf4 O-O 10. O-O-O Ne6 11. Bc4 Nxf4 12. Qxf4 Qa5 13. Rhe1 b5 14. Bxb5
Rb8 15. Bc4 Qb4 16. Na4 d5 17. exd6 Bxb2+ 18. Nxb2 Qxb2+ 19. Kd2 Bf5 20. Ke2
Qxc2+ 21. Kf1 exd6 22. Bb3 Qb2 23. Qxd6 Na5 24. Bd5 Qb5+ 25. Kg1 Nc4 26. Qf6
Qb6 27. Qe7 Nb2 28. Rd2 Qb4 29. Qf6 Rb6 30. Bxf7+ Rxf7 31. Rd8+ Rf8 32. Rxf8+
Qxf8 33. Qh4 Rd6 34. Ng5 Rd7 1/2-1/2

[Event "17. European Team Championship 2009"]
[Site "Novi Sad SRB"]
[Date "2009.10.29"]
[Round "8.182"]
[White "Cekro, Ekrem"]
[Black "Van Hoolandt, Patrick"]
[Result "1/2-1/2"]
[WhiteElo "2380"]
[BlackElo "2229"]
[PlyCount "68"]
[EventDate "2009.10.22"]
[EventType "team"]
[EventRounds "9"]
[EventCountry "SER"]
[Source "lmi"]
[SourceDate "2009.10.22"]

1. c4 e5 2. g3 Nc6 3. Bg2 g6 4. Nc3 Bg7 5. d3 d6 6. Nf3 Nf6 7. O-O O-O 8. h3 h6
9. Rb1 a5 10. e4 Be6 11. Be3 Nd7 12. Ne1 Nd4 13. Qd2 Kh7 14. Bxd4 exd4 15. Ne2
c6 16. f4 f5 17. Kh2 Rf7 18. b3 Nb8 19. Nc2 c5 20. Ng1 Nc6 21. Rbe1 Bd7 22. a4
Qb6 23. Rb1 Re8 24. h4 Ne7 25. Rfe1 Ng8 26. Nh3 Ree7 27. Nf2 Nf6 28. Na3 Bc6
29. exf5 gxf5 30. Rxe7 Rxe7 31. Bxc6 bxc6 32. Nc2 d5 33. Qd1 Qb8 34. Qf1 Rb7
1/2-1/2

[Event "17. European Team Championship 2009"]
[Site "Novi Sad SRB"]
[Date "2009.10.29"]
[Round "8.183"]
[White "Ribbegren, Karl Johan"]
[Black "Docx, Stefan"]
[Result "0-1"]
[WhiteElo "2158"]
[BlackElo "2384"]
[PlyCount "76"]
[EventDate "2009.10.22"]
[EventType "team"]
[EventRounds "9"]
[EventCountry "SER"]
[Source "lmi"]
[SourceDate "2009.10.22"]

1. g3 g6 2. Bg2 d5 3. c4 d4 4. d3 Bg7 5. Nf3 e5 6. O-O Ne7 7. b4 O-O 8. a4 Nbc6
9. Ba3 a5 10. b5 Nb4 11. Bxb4 axb4 12. Nbd2 c5 13. Nb3 Qd6 14. a5 Ra7 15. Qc2
f5 16. Nfd2 h5 17. h4 Bf6 18. Nf3 Kg7 19. Ra2 Ng8 20. Ng5 Nh6 21. Nd2 Qe7 22.
Ngf3 Re8 23. Nh2 g5 24. hxg5 Bxg5 25. Bd5 h4 26. Kg2 hxg3 27. fxg3 Be3 28. Rf3
Qd6 29. Ra1 b6 30. a6 Qg6 31. Rh1 Rh8 32. Ndf1 Bg5 33. Nd2 Ng4 34. Nxg4 Rxh1
35. Kxh1 fxg4 36. Rf2 Be3 37. Rh2 Qf6 38. Be4 Kf8 0-1

[Event "17. European Team Championship 2009"]
[Site "Novi Sad SRB"]
[Date "2009.10.29"]
[Round "8.184"]
[White "Polaczek, Richard"]
[Black "Iclicki, Willy"]
[Result "1-0"]
[WhiteElo "2381"]
[BlackElo "2052"]
[PlyCount "60"]
[EventDate "2009.10.22"]
[EventType "team"]
[EventRounds "9"]
[EventCountry "SER"]
[Source "lmi"]
[SourceDate "2009.10.22"]

1. e4 c6 2. d4 d5 3. f3 dxe4 4. fxe4 e5 5. Nf3 Bg4 6. Bc4 Nd7 7. O-O Ngf6 8. c3
Bd6 9. Be3 O-O 10. Nbd2 Qc7 11. h3 Bh5 12. Bd3 b5 13. Qc2 Bxf3 14. Rxf3 c5 15.
Bxb5 cxd4 16. Bf2 Rab8 17. Bc4 dxc3 18. Rxc3 Qb7 19. Rb3 Qc7 20. Rc1 Qa5 21.
Rxb8 Rxb8 22. Bb3 Nb6 23. Nc4 Nxc4 24. Qxc4 Rf8 25. Rc3 Bb4 26. Rf3 Be7 27. Rc3
Bb4 28. Rc2 Be7 29. Qc7 Qb4 30. Rc4 Qb8 1-0

[Event "17. European Team Championship 2009"]
[Site "Novi Sad SRB"]
[Date "2009.10.30"]
[Round "9.22"]
[White "Gashimov, Vugar"]
[Black "Stellwagen, Daniel"]
[Result "1-0"]
[PlyCount "149"]
[EventDate "2009.10.22"]
[EventType "team"]
[EventRounds "9"]
[EventCountry "SER"]
[Source "lmi"]
[SourceDate "2009.10.22"]
[WhiteElo "2740"]
[BlackElo "2630"]

1. e4 c6 2. d4 d5 3. e5 Bf5 4. Nf3 e6 5. Be2 c5 6. Be3 cxd4 7. Nxd4 Ne7 8. Nd2
Nbc6 9. N2f3 Bg4 10. O-O a6 11. Rc1 Bxf3 12. Nxf3 g6 13. c4 Bg7 14. cxd5 Qxd5
15. Qa4 Qa5 16. Qb3 O-O 17. Bc5 Rfe8 18. Bd6 Nxe5 19. Nxe5 Bxe5 20. Rc5 Qd2 21.
Bxe5 Qxe2 22. Qxb7 Nd5 23. Bg3 Rad8 24. h3 Re7 25. Qb3 Red7 26. a3 h5 27. Rc2
Qb5 28. Qf3 Ne7 29. Bc7 Rc8 30. Rfc1 Qd5 31. Qe2 Qb7 32. Be5 Rxc2 33. Qxc2 Rd5
34. Qc3 Kh7 35. Bh8 Nf5 36. g4 e5 37. gxf5 Kxh8 38. fxg6 fxg6 39. Qc6 Qxc6 40.
Rxc6 a5 41. Rxg6 Kh7 42. Rb6 Kg7 43. a4 Rd4 44. b3 Rd3 45. Kg2 e4 46. Rb5 Kg6
47. h4 Kh6 48. Re5 Rxb3 49. Rxe4 Ra3 50. f3 Kg6 51. Kg3 Kf6 52. Kf4 Ra1 53. Rc4
Ra3 54. Ke4 Ke6 55. f4 Ra1 56. Rc6+ Kf7 57. Rc4 Ke6 58. Rc6+ Kf7 59. Kf5 Rxa4
60. Rc7+ Kf8 61. Ra7 Ra1 62. Kg6 a4 63. f5 Rg1+ 64. Kf6 Kg8 65. Rxa4 Rg4 66.
Ra8+ Kh7 67. Ra7+ Kg8 68. Ra8+ Kh7 69. Kf7 Rxh4 70. f6 Rf4 71. Ke6 h4 72. f7
Kg6 73. f8=Q Rxf8 74. Rxf8 Kg5 75. Ke5 1-0

[Event "17. European Team Championship 2009"]
[Site "Novi Sad SRB"]
[Date "2009.10.30"]
[Round "9.24"]
[White "Mamedov, Rauf"]
[Black "Ernst, Sipke"]
[Result "1/2-1/2"]
[PlyCount "51"]
[EventDate "2009.10.22"]
[EventType "team"]
[EventRounds "9"]
[EventCountry "SER"]
[Source "lmi"]
[SourceDate "2009.10.22"]
[WhiteElo "2626"]
[BlackElo "2589"]

1. e4 e5 2. Nf3 Nc6 3. Bc4 Nf6 4. d3 h6 5. c3 d6 6. Bb3 g6 7. Nbd2 Bg7 8. Nf1
d5 9. Qe2 O-O 10. Ng3 a5 11. a4 b6 12. O-O Be6 13. Ba2 Qd7 14. h3 Rad8 15. Be3
Rfe8 16. Rfd1 Qc8 17. Qc2 Kh7 18. Re1 Qa6 19. Bb3 dxe4 20. dxe4 Qd3 21. Qxd3
Rxd3 22. Bd1 Rd6 23. Be2 Red8 24. Bb5 Nd7 25. Nd2 Na7 26. Be2 1/2-1/2

[Event "17. European Team Championship 2009"]
[Site "Novi Sad SRB"]
[Date "2009.10.30"]
[Round "9.33"]
[White "Postny, Evgeny"]
[Black "Efimenko, Zahar"]
[Result "0-1"]
[PlyCount "126"]
[EventDate "2009.10.22"]
[EventType "team"]
[EventRounds "9"]
[EventCountry "SER"]
[Source "lmi"]
[SourceDate "2009.10.22"]
[WhiteElo "2651"]
[BlackElo "2654"]

1. d4 Nf6 2. c4 e6 3. Nf3 d5 4. g3 Bb4+ 5. Bd2 Be7 6. Bg2 c6 7. Bf4 Nbd7 8. Nc3
dxc4 9. e4 b5 10. d5 cxd5 11. exd5 Nc5 12. O-O Nxd5 13. Nxd5 exd5 14. Nd4 Bb7
15. Nxb5 O-O 16. Nc7 Rc8 17. Nxd5 Nd3 18. Nf6+ Bxf6 19. Bxb7 Nxf4 20. Bxc8 Qxd1
21. Rfxd1 Rxc8 22. gxf4 Bxb2 23. Rab1 c3 24. Re1 g6 25. Kg2 a5 26. Kf3 Kg7 27.
Ke3 a4 28. Rec1 Re8+ 29. Kf3 Bxc1 30. Rxc1 Rc8 31. Ke3 Rc4 32. f5 gxf5 33. Kd3
Rh4 34. Rxc3 Rxh2 35. Ke2 Rh4 36. a3 h5 37. Rc5 Rh3 38. f3 Rh2+ 39. Ke3 Ra2 40.
Kf4 Rxa3 41. Rxf5 h4 42. Rg5+ Kf6 43. Rf5+ Ke6 44. Re5+ Kd6 45. Rf5 Ra1 46. Rh5
Rb1 47. Kg4 Rg1+ 48. Kh3 a3 49. Ra5 Rg3+ 50. Kxh4 Rxf3 51. Kg4 Rb3 52. Kf4 Kc6
53. Ke4 Kb6 54. Ra8 Kb5 55. Kd4 Rh3 56. Rb8+ Kc6 57. Ra8 f5 58. Ra5 f4 59. Kc4
Re3 60. Kd4 Kd6 61. Ra6+ Ke7 62. Ra4 Ke6 63. Ra5 Kf6 0-1

[Event "17. European Team Championship 2009"]
[Site "Novi Sad SRB"]
[Date "2009.10.30"]
[Round "9.34"]
[White "Kryvoruchko, Yuriy"]
[Black "Avrukh, Boris"]
[Result "1/2-1/2"]
[PlyCount "87"]
[EventDate "2009.10.22"]
[EventType "team"]
[EventRounds "9"]
[EventCountry "SER"]
[Source "lmi"]
[SourceDate "2009.10.22"]
[WhiteElo "2612"]
[BlackElo "2668"]

1. e4 e5 2. Nf3 Nc6 3. Bb5 a6 4. Ba4 Nf6 5. O-O b5 6. Bb3 Bc5 7. a4 Rb8 8. c3
d6 9. d4 Bb6 10. Na3 O-O 11. axb5 axb5 12. Nxb5 Bg4 13. Bc2 exd4 14. Nbxd4 Nxd4
15. cxd4 Bxf3 16. gxf3 Nh5 17. Ra4 Qh4 18. Be3 Ra8 19. b3 Nf4 20. Kh1 Ne6 21.
Rg1 Qf6 22. d5 Bxe3 23. fxe3 Nc5 24. Qa1 Qxa1 25. Raxa1 Rfb8 26. Kg2 Kf8 27.
Kf2 Ke7 28. Ke2 g6 29. Rxa8 Rxa8 30. Kd2 Ra2 31. Kc3 Nd7 32. h3 Ne5 33. f4 Nf3
34. Rc1 Nh4 35. Kd3 Kd7 36. Ke2 f6 37. Kd3 h6 38. Bd1 Kd8 39. Bg4 h5 40. Be6
Rb2 41. Kc3 Re2 42. Kd3 Rb2 43. Kc3 Re2 44. Kd3 1/2-1/2

[Event "17. European Team Championship 2009"]
[Site "Novi Sad SRB"]
[Date "2009.10.30"]
[Round "9.43"]
[White "Ekstroem, Roland"]
[Black "Sargissian, Gabriel"]
[Result "0-1"]
[PlyCount "128"]
[EventDate "2009.10.22"]
[EventType "team"]
[EventRounds "9"]
[EventCountry "SER"]
[Source "lmi"]
[SourceDate "2009.10.22"]
[WhiteElo "2488"]
[BlackElo "2678"]

1. e4 e5 2. Nf3 Nc6 3. Bc4 Bc5 4. c3 Nf6 5. d4 exd4 6. cxd4 Bb4+ 7. Bd2 Bxd2+
8. Nbxd2 d5 9. exd5 Nxd5 10. Qb3 Nce7 11. O-O O-O 12. Rfe1 c6 13. Ne4 h6 14.
Rad1 Qb6 15. h3 Qxb3 16. Bxb3 Rd8 17. Ne5 Kf8 18. Nc4 Bf5 19. Nc5 Rab8 20. Ne3
Bc8 21. Rc1 Nf4 22. Rcd1 Bf5 23. Bc2 Bxc2 24. Nxc2 Nf5 25. Kf1 b6 26. Nb3 a5
27. Ne3 Ne7 28. a4 Ne6 29. Rd2 b5 30. Red1 bxa4 31. Nxa5 Rb6 32. Ke1 Nf4 33.
Rc2 f6 34. h4 Ra8 35. Nac4 Rb4 36. g3 Ne6 37. Rd3 Nd5 38. Kd1 Ndc7 39. Kc1 Nb5
40. d5 Ned4 41. Nb6 Ra6 42. Rc4 Ne2+ 43. Kb1 Nbc3+ 44. Ka1 Rbxb6 45. bxc3 cxd5
46. Rxd5 Rc6 47. Rxc6 Rxc6 48. c4 Nc3 49. Rd2 Ne4 50. Rc2 Kf7 51. Ka2 Nc5 52.
Rd2 Rb6 53. Nd1 Rb3 54. Rd5 Nd3 55. Rb5 Nb4+ 56. Ka1 a3 57. h5 Ke6 58. g4 Kd7
59. f4 Kc6 60. Ne3 a2 61. Rxb4 Rxb4 62. Kxa2 Kc5 63. Ka3 Rxc4 64. Nxc4 Kxc4 0-1

[Event "17. European Team Championship 2009"]
[Site "Novi Sad SRB"]
[Date "2009.10.30"]
[Round "9.44"]
[White "Petrosian, Tigran L"]
[Black "Gallagher, Joseph G"]
[Result "1-0"]
[PlyCount "169"]
[EventDate "2009.10.22"]
[EventType "team"]
[EventRounds "9"]
[EventCountry "SER"]
[Source "lmi"]
[SourceDate "2009.10.22"]
[WhiteElo "2602"]
[BlackElo "2464"]

1. e4 c5 2. Nf3 d6 3. d4 cxd4 4. Nxd4 Nf6 5. Nc3 a6 6. Be3 e5 7. Nf3 Be7 8. Bc4
O-O 9. O-O Nc6 10. Bb3 Be6 11. Bg5 Na5 12. Bxf6 Bxf6 13. Nd5 Bg5 14. Qd3 Rc8
15. Rad1 Kh8 16. Rfe1 g6 17. Nc3 Be7 18. Qe3 Nxb3 19. axb3 Qc7 20. Re2 Qc5 21.
Qxc5 Rxc5 22. Ne1 Rfc8 23. Nd3 R5c7 24. Nb4 Rc5 25. Ncd5 Bd8 26. c4 a5 27. Nd3
R5c6 28. Kf1 Kg7 29. f3 a4 30. N3b4 Rc5 31. Nd3 R5c6 32. N3b4 Rc5 33. bxa4 Rxc4
34. b3 Rxb4 35. Nxb4 Bxb3 36. Rb1 Bxa4 37. Nd5 b5 38. g3 Rc5 39. Kg2 f5 40. Ne3
Bg5 41. Rbb2 Kf6 42. h4 Bxe3 43. Rxe3 Ke6 44. Kf2 fxe4 45. Rxe4 d5 46. Re1 Kd6
47. Rbe2 d4 48. f4 d3 49. fxe5+ Ke6 50. Rb2 Bc2 51. Ke3 Kxe5 52. Kd2+ Kf6 53.
Rf1+ Kg7 54. Rb4 Re5 55. Rf2 h5 56. Rbf4 Re7 57. Rb4 Re5 58. Rd4 Re7 59. Rdf4
Kh6 60. Rb4 Re5 61. Rbf4 Re7 62. Rb4 Re5 63. Rf7 Re2+ 64. Kc3 Ba4 65. Kxd3 Rg2
66. Rf3 Kg7 67. Re3 Rf2 68. Rd4 Bb3 69. Rd7+ Rf7 70. Ree7 Kf6 71. Rxf7+ Bxf7
72. Rb7 Be8 73. Rb8 Bd7 74. Ke4 Bf5+ 75. Kf4 Bd3 76. Rb6+ Kf7 77. Ke5 g5 78.
hxg5 Kg7 79. Rd6 Be2 80. Kf5 Bg4+ 81. Kf4 Be2 82. g6 Kh6 83. Kf5 b4 84. Kf6 Bc4
85. Rd8 1-0

[Event "17. European Team Championship 2009"]
[Site "Novi Sad SRB"]
[Date "2009.10.30"]
[Round "9.52"]
[White "Nevednichy, Vladislav"]
[Black "Gustafsson, Jan"]
[Result "0-1"]
[PlyCount "160"]
[EventDate "2009.10.22"]
[EventType "team"]
[EventRounds "9"]
[EventCountry "SER"]
[Source "lmi"]
[SourceDate "2009.10.22"]
[WhiteElo "2601"]
[BlackElo "2622"]

1. e4 e5 2. Bc4 Nf6 3. d3 Bc5 4. Nf3 Nc6 5. Bb3 d6 6. c3 a6 7. h3 Ba7 8. Nbd2
O-O 9. O-O h6 10. Re1 Re8 11. Nf1 Be6 12. N3h2 Bxb3 13. axb3 Qd7 14. b4 Qe6 15.
Qf3 Ne7 16. Ng3 c6 17. Ng4 Nxg4 18. hxg4 f6 19. Nf5 d5 20. g3 Rad8 21. Kg2 dxe4
22. Rxe4 Qd5 23. Bxh6 gxh6 24. Nxh6+ Kg7 25. d4 Ng6 26. Rae1 Qd7 27. g5 fxg5
28. Nf5+ Kg8 29. Nh6+ Kg7 30. Nf5+ Kg8 31. Qg4 Kf7 32. Qxg5 Bb8 33. Nh6+ Kg7
34. Nf5+ Kf7 35. Nh6+ Kg7 36. Ng4 Qe6 37. Qh6+ Kf7 38. Qh7+ Kf8 39. Qh6+ Kf7
40. Qh7+ Kf8 41. dxe5 Re7 42. Qh6+ Rg7 43. R1e3 Rdd7 44. Rf3+ Rdf7 45. Rxf7+
Kxf7 46. Qh5 Kf8 47. Kg1 Ba7 48. Nh6 Rh7 49. Qg5 Bb6 50. Kg2 Kg7 51. Nf5+ Kf8
52. Nh6 Kg7 53. Ng4 Rh8 54. c4 Bd8 55. Qe3 Be7 56. c5 Rh5 57. Qe2 Rh8 58. Qe3
Rh5 59. Qe2 Rh8 60. Qd2 Qf5 61. Qd4 Rd8 62. Qc4 Rd2 63. Rd4 Nxe5 64. Qc3 Rxd4
65. Qxd4 Bf6 66. Ne3 Qf3+ 67. Kf1 Kf7 68. b3 Qh1+ 69. Ke2 Qb1 70. f4 Qe1+ 71.
Kxe1 Nf3+ 72. Kd1 Nxd4 73. Nc4 Ke6 74. Na5 Nf5 75. g4 Ne3+ 76. Kd2 Nxg4 77.
Nxb7 Kd5 78. Kd3 Nf2+ 79. Ke2 Ne4 80. Kd3 Nc3 0-1